Religion in Algeria - Statistics

General Stats
  • This quiz has been taken 63 times
  • The average score is 3 of 4
Answer Stats
Percent Religion % Correct
99.1% Islam
98%
0.4% Christianity
96%
0.1% Other
84%
0.4% None
64%
No matching quizzes found
Score Distribution
Percent of People with Each Score
Percentile by Number Answered
Your Score History
You have not taken this quiz